000 00840nas a2200253 4500
001 BR8103785
003 BR-BrBNA
005 20231205084813.0
007 ta
008 230509b bl.|||p| |||| 00| 00por d
040 _aBR-BrBNA
_bpor
_cBiblioteca Nacional de Agricultura
041 _a(Pt)
072 _aE70; D10
110 1 _aEmpresa de Pesquisa Agropecuaria de Minas Gerais, Belo Horizonte (Brasil)
245 1 _aFrigorificos Minas Gerais S/A - FRIMISA [Carne; Bovino; Brasil]
650 _aCARNE
650 _aBOVINO
650 _aVENDA
650 _aINSTITUICAO AGRICOLA
650 _aMINAS GERAIS
773 0 _tInforme Agropecuario - Empresa de Pesquisa Agropecuaria de Minas Gerais (Brazil)
_xISSN 0100-3364
_g(Dec 1981), v. 7(84) p. 28-31
_wBR8103785
909 _a202311
_bLúcia
_c55
_dLúcia Elande
942 _2AGRIS
_n0
_cANA
999 _c107384
_d107384